00700 2200241 4500001002100000005001500021035002000036007000300056008004100059020002200100082001100122084001700133100002100150245012600171250001000297260003900307300002800346650002200374700001700396700002300413990001100436990001100447INLIS00000000000347120190522085914 a0010-0519000063ta190522 b 0 ind  a978-979-055-536-5 a297.73 a297.73 SRI q0 aSRI, Al Hidayati1 aQur'anic Quetions & Answers: Perempuan Teladan Sepanjang Zaman /cSri Al Hidayati; editor, Abdul Wahab, Safitri Lusiana D acet.3 aBandung :bSygma Kaya Imaji,c2018 a28 hlm :bilus ;c27 cm 4aISLAM. PENDIDIKAN0 aABDUL, Wahab0 aSAFITRI, Lusiana D a6542 a a6542 b